000 00664nam a22001817a 4500
003 UA-OsUOA
001 25615
007 ta
008 20040419b un ||||| |||| 00| 0 ukr d
100 _aПідгора В.
942 _cSA
040 _aUA-OsUOA
_cUA-OsUOA
_dUA-OsUOA
245 _aТворчість , яка допомагає українцеві ідентифікуватися : [ Про народного художника України Петра Печорного ]
300 _aС.142-145
955 _a0
773 0 _w0
_tСучасність
_dКиїв
_d2004
_g№4
650 7 _aДекоративно - прикладне мистецтво
_2UDC
999 _c311913
_d311913